00447 2200181 4500001002100000005001500021008004100036020002200077035001900099041000700118082000800125090001400133100001700147245002400164260003000188300002700218650002000245INLIS00000000002600720241224132044241224||||||||| | ||| |||| || |  a978-602-61543-0-9 0010-1224026007 aid0 a813 a813 IND m0 aIndah Hanaco00aMillionaire's Heart aJakartabKawahmediac2017 aviii, 384 hlm. ; 20 cm 0aFiksi Indonesia